Statistics for Largest Cities and Towns in Wake County, North Carolina

Click here to take the quiz!

General Stats

  • This quiz has been taken 57 times
  • The average score is 8 of 10

Answer Stats

Rank in Wake CountyRank in North CarolinaPopulationMunicipality% Correct
12469,298Raleigh
100%
37168,160Cary
97%
24274,291Durham
86%
41853,852Apex
83%
52244,046Wake Forest
81%
83529,200Fuquay-Varina
75%
93627,453Morrisville
75%
73130,502Garner
72%
62636,749Holly Springs
64%
104222,850Clayton
47%

Score Distribution

Percentile by Number Answered

Percent of People with Each Score

Your Score History

You have not taken this quiz